Manga (objets) - Statistiques

Statistiques générales
  • Ce quiz a été pris 1 578 fois
  • Le résultat moyen est 10 sur 20
Statistiques - réponses
Objets Titre du manga % Correct
Chapeau de paille One piece
100%
Cahier de la mort Death note
98%
Boules de cristal Dragon Ball
85%
Équipement tridimensionnel Shingeki no kyojin
85%
Bandeau frontal Naruto
84%
Canne à pêche Hunter x Hunter
82%
Zanpakuto Bleach
80%
Ballon de volley Haikyuu
66%
Pierre philosophale Fullmetal alchemist
64%
Gants de boxe Ippo
44%
Sabre mangeur d'âme Soul eater
43%
Noeud papillon transformateur de voix Détective conan
34%
Téléphone (prédit l'avenir) Mirai Nikki
31%
Masque noir (visière violet/bleu) Code geass
22%
Téléphone (donne des gages) King's Game
16%
Rollers Air gear
15%
Bombes Btooom
13%
Visière teinté verte Eyeshield 21
13%
Dominateur Psycho pass
13%
Go Hikaru no go
11%
Aucun quiz correspondant
Distribution des résultats
% des personnes avec chaque résultat
Percentile par nombre de réponses
Votre historique - résultats
Vous n’avez pas pris ce quiz